Označovanie slovenských výrobkov v Európskom ekonomickom priestore
Pojem vnútorný trh. Nástroje o spoločnom rámci na uvádzanie výrobkov na vnútorný trh. Označovanie výrobkov. Ochranná známka Únie. Typické znaky ochrannej známky Únie.
Uložené v:
| Hlavný autor: | |
|---|---|
| Médium: | Kapitola |
| Jazyk: | Slovak |
| Predmet: | |
| Tagy: |
Žiadne tagy, Buďte prvý, kto otaguje tento záznam!
|
MARC
| LEADER | 00000naa a2200000 4500 | ||
|---|---|---|---|
| 001 | 0145233 | ||
| 005 | 20231011110331.5 | ||
| 041 | 0 | |a slo | |
| 044 | |a SK | ||
| 245 | 1 | 0 | |a Označovanie slovenských výrobkov v Európskom ekonomickom priestore |c Branko Dudič |
| 520 | |a Pojem vnútorný trh. Nástroje o spoločnom rámci na uvádzanie výrobkov na vnútorný trh. Označovanie výrobkov. Ochranná známka Únie. Typické znaky ochrannej známky Únie. | ||
| 610 | 2 | 0 | |a známky ochranné |
| 610 | 2 | 0 | |a Európska únia |
| 610 | 2 | 0 | |a legislatíva |
| 610 | 2 | 0 | |a harmonizácia |
| 610 | 2 | 0 | |a označovanie tovarov |
| 610 | 2 | 0 | |a trh vnútorný |
| 100 | 1 | |a Dudič, Branko | |